| 000 | 00570nam a2200169Ia 4500 | ||
|---|---|---|---|
| 008 | 090201s9999 xx 000 0 und d | ||
| 010 | _aKPL-51094 | ||
| 040 | _bमराठी | ||
| 041 | _aमराठी | ||
| 082 |
_a18790 _b51094 |
||
| 100 | _aसेतुमाधवराव पगडी | ||
| 245 |
_aबहू असोत सुंदर _cसेतुमाधवराव पगडी |
||
| 260 |
_c2004 _bपरचुरे प्रकाशन |
||
| 300 |
_a197 _bमोठा |
||
| 600 | _aबहू असोत सुंदर | ||
| 942 | _cBOOK | ||
| 999 |
_c218636 _d218636 |
||